Movement and Mimesis : (Record no. 9739)

MARC details
000 -LEADER
fixed length control field 00959 a2200241 4500
010 ## - LIBRARY OF CONGRESS CONTROL NUMBER
LC control number ENG-89033
020 ## - INTERNATIONAL STANDARD BOOK NUMBER
Terms of availability 650.00
International Standard Book Number 8124604215
035 ## - SYSTEM CONTROL NUMBER
System control number EN-72566
037 ## - SOURCE OF ACQUISITION
Source of stock number/acquisition DBAD / PUB
082 14 - DEWEY DECIMAL CLASSIFICATION NUMBER
Classification number 793.31954
090 ## - LOCALLY ASSIGNED LC-TYPE CALL NUMBER (OCLC); LOCAL CALL NUMBER (OCLC)
-- 9929
-- 9929
100 ## - MAIN ENTRY--PERSONAL NAME
Personal name Bose, Mandakranta
245 1# - TITLE STATEMENT
Title Movement and Mimesis :
Statement of responsibility, etc by Mandakranta Bose
Remainder of title the idea of dance in the Sanskrit tradition /
260 ## - PUBLICATION, DISTRIBUTION, ETC. (IMPRINT)
Place of publication, distribution, etc New Delhi
Name of publisher, distributor, etc D.K. Printworld
Date of publication, distribution, etc 2007(repr)
270 ## - ADDRESS
Address Regd. Office: `Sri Kunj', F-52, Bali Nagar,
City New Delhi
Postal code 110 015
300 ## - PHYSICAL DESCRIPTION
Dimensions 23cm (Hb )
Extent xii, 332p.
500 ## - GENERAL NOTE
General note Reprint. Originally Published: Dordrecht: Kluwer Academic Publishers, 1991.- (Studies of classical India; v. 12)
500 ## - GENERAL NOTE
General note Includes bibliographical references and index
650 ## - SUBJECT ADDED ENTRY--TOPICAL TERM
Topical term or geographic name as entry element Dance
General subdivision History
Chronological subdivision India
650 ## - SUBJECT ADDED ENTRY--TOPICAL TERM
Topical term or geographic name as entry element Sanskrit language
General subdivision Texts
942 ## - ADDED ENTRY ELEMENTS (KOHA)
Koha item type English Books
Institution code [OBSOLETE] dpl
Call number prefix 793.31954 / BOS
Holdings
Withdrawn status Lost status Source of classification or shelving scheme Damaged status Not for loan Collection code Home library Current library Source of acquisition Cost, normal purchase price Total Checkouts Full call number Barcode Date last seen Copy number Uniform Resource Identifier Cost, replacement price Price effective from Koha item type
    Dewey Decimal Classification   Not For Loan Non-fiction D.B.Act.Division D.B.Act.Division DBAD/PUB 650.00   793.31954 BOS EN-72566 15/09/2008 1 10740 650.00 15/09/2008 English Books

© Delhi Public Library
Hit Counter
free hit counter